000
00196nam a2200097Ia 4500
008
240331s9999 xx 000 0 und d
082
_b
SIT
100
_a
Sitharthan, M
245
0
_a
Kattu
942
_c
L
999
_c
3812
_d
3812